|
|
|
|
| LEADER |
00000nab a2200000uu 4500 |
| 001 |
vtls011540474 |
| 003 |
SK-MaSNL |
| 005 |
20260303140538.0 |
| 008 |
230218|1999 xo |||||||||||||||||slo| |
| 015 |
|
|
|a SNBRB
|
| 035 |
|
|
|a (urnnbn)urn:nbn:sk:snk:ar-a09rae
|
| 035 |
|
|
|a (uuid)a5a12039-2a70-4066-8a56-2bd6a82691bc
|
| 035 |
|
|
|a urn:nbn:sk:snk-abeypc
|
| 040 |
|
|
|a SNKBUCL
|b slo
|c SNKBUCL
|e AACR2
|
| 041 |
0 |
|
|a slo
|
| 044 |
|
|
|a xo
|c SK
|
| 100 |
1 |
|
|a Čapistrák, Anton
|4 aut
|9 10275
|
| 245 |
1 |
0 |
|a PRODUKCIA, ZLOŽENIE MLIEKA A LAKTAČNÉ KRIVKY BAHNÍC PLEMENA ZOŠĽACHTENÁ VALAŠKA, LACAUNE A ICH KRÍŽENIEK V OBDOBÍ CICANIA JAHNIAT
|c A. Čapistrák, A. Hyžová, D. Apolen, J. Špánik, M. Margetín
|
| 246 |
3 |
|
|a PRODUCTION, MILK COMPOSITION AND LACTATION CURVES IN EWES OF IMPROVED VALACHIAN, LACAUNE BREEDS AND THEIR CROSSES IN THE PERIOD OF SUCKING BY LAMBS
|
| 700 |
1 |
|
|a Hyžová, A.
|4 aut
|9 1158962
|
| 700 |
1 |
|
|a Apolen, Dušan
|4 aut
|9 10273
|
| 700 |
1 |
|
|a Špánik, J.
|4 aut
|9 274807
|
| 700 |
1 |
|
|a Margetín, Milan,
|d 1954-
|4 aut
|9 209878
|
| 773 |
0 |
|
|t Journal of farm animal science : vedecké práce Výskumného ústavu živočíšnej výroby v Nitre
|g Roč. 32, č. 32 (1999), s. 111-119
|
| 954 |
|
|
|a odborná, vedecká literatúra pôvodná (slovenská)
|2 lita
|
| 958 |
|
|
|a OND
|
| 958 |
|
|
|a EUIPO
|
| 958 |
|
|
|a article22
|
| 999 |
|
|
|c 1972321
|d 1974251
|